书目信息 |
| 题名: |
国际贸易法
|
|
| 作者: | 王衡 主编 | |
| 分册: | ||
| 出版信息: | 北京 法律出版社 2014 |
|
| 页数: | 254页 | |
| 开本: | 23cm | |
| 丛书名: | ||
| 单 册: | ||
| 中图分类: | D996.1 | |
| 科图分类: | ||
| 主题词: | 贸易法--高等学校--教材 , 贸易法 | |
| 电子资源: | ||
| ISBN: | 978-7-5118-5795-8 | |
| 000 | 00959nam0 2200265 450 | |
| 001 | 523 | |
| 005 | 20140908111004.10 | |
| 010 | @a978-7-5118-5795-8@dCNY29.00 | |
| 100 | @a20140227d2014 em y0chiy50 ea | |
| 101 | 0 | @achi@aeng |
| 102 | @aCN@b110000 | |
| 105 | @ay z 000yy | |
| 106 | @ar | |
| 200 | 1 | @a国际贸易法@AGuo Ji Mao Yi Fa@dInternational trade law@f王衡主编@FWang Heng Zhu Bian@zeng |
| 210 | @a北京@c法律出版社@d2014 | |
| 215 | @a254页@d23cm | |
| 300 | @a双语系列 双语版 21世纪法学规划教材 教育部“国家双语教学示范课程”教材 | |
| 330 | @a本书分八章讲述国际货物买卖、信用证、国际贸易术语及国际货物运输和保险、反倾销措施、反补贴措施、保障措施、服务贸易、贸易与知识产权,涵盖国际贸易法重要领域。 | |
| 510 | 1 | @aInternational trade law@zeng |
| 606 | 0 | @a贸易法@x高等学校@j教材 |
| 606 | 0 | @a贸易法 |
| 690 | @aD996.1@v5 | |
| 701 | 0 | @a王衡@AWang Heng@f(1978~)@4主编 |
| 801 | 0 | @aCN@bTANGWEI@c20140603 |
| 905 | @b0839164-66@dD996.1@e119@f3 | |
| 国际贸易法=International trade law/王衡主编.-北京:法律出版社,2014 |
| 254页;23cm |
| 双语系列 双语版 21世纪法学规划教材 教育部“国家双语教学示范课程”教材 |
| ISBN 978-7-5118-5795-8:CNY29.00 |
| 本书分八章讲述国际货物买卖、信用证、国际贸易术语及国际货物运输和保险、反倾销措施、反补贴措施、保障措施、服务贸易、贸易与知识产权,涵盖国际贸易法重要领域。 |
| ● |
| 相关链接 |
|
|
|
|
正题名:国际贸易法
索取号:D996.1/119
 
预约/预借
| 序号 | 登录号 | 条形码 | 馆藏地/架位号 | 状态 | 备注 |
| 1 | 0839164 | 208391649 | 第一样本阅览室/ [索取号:D996.1/119] | 在馆 | |
| 2 | 0839165 | 208391658 | 密集书库-史法系/ [索取号:D996.1/119] | 在馆 | |
| 3 | 0839166 | 208391667 | 第一借阅区/ [索取号:D996.1/119] | 在馆 |